Introduction to Arakelov theory

Saved in:
Bibliographic Details
Main Author: Lang, Serge
Format: Book
Language:English
Published: Nueva York Springer Science Business Media 1988
Subjects:
Tags: Add Tag
No Tags, Be the first to tag this record!

MARC

LEADER 00000cam a2200000 a 4500
001 UCF8231
003 CL-VaPUC
008 130808e19880000us |||||||||||||||||eng|d
020 |a 9781461269915 
082 0 4 |a 512.72  |b LAN  |2 21 
100 |a Lang, Serge  |9 719911 
245 1 0 |a Introduction to Arakelov theory 
300 |a 187 p 
942 |c BK 
945 |d 20130808 11:32:00  |a cmena 
260 |a Nueva York  |b Springer Science Business Media  |c 1988 
650 0 |a Geometría algebraica  |9 270327 
650 7 |a TEORIA ALGEBRAICA  |2 CL-VaPUC  |9 345702 
650 0 |a Funciones algebraicas  |9 271204 
650 7 |a FUNCIONES ARITMETICAS  |2 CL-VaPUC  |9 371322 
650 0 |a Funciones (Matemáticas)  |9 338128 
583 |a last modification  |c 20130808 11:32:00  |k Rodrigo Vera 
999 |c 352853  |d 352851 
952 |0 0  |1 0  |4 0  |6 512_720000000000000_LAN_1988  |7 0  |8 A  |9 457586  |a BIBMAT  |b BIBMAT  |d 2019-11-22  |i 4992962  |o 512.72 LAN 1988  |p 4992962  |r 2025-01-07  |w 2019-11-22  |y BK  |k MAT